000 00291nam a2200133Ia 4500
008 190216s9999||||xx |||||||||||||| ||und||
100 _aBill Gates
245 0 _aWindows-98
250 _a1st Ed.
260 _bBpb Publications
_c1998
300 _a516+26p
650 _aComputer
942 _cBK
999 _c8633
_d8633